000 00566nam a2200241 a 4500
001 nice12345678
003 IN_TiNIC
005 20260116011416.0
008 050524s1936 cama grp 000 0 eng
020 _a
_c0
082 0 0 _a954
_bSAM
100 _aSamuel, V M
245 _aNastionalism in India Before 1905
260 _aCambridge
_bNo Publisher
_c1936
300 _a10p
500 _aincludes index and biblioraphy
505 2 _aIndex
650 _aIndia-Nationalism
700 1 _aSamuel, V M
902 _bSRS
942 _cBK
999 _c1282
_d1282